Todos los campeones de US Open en la Era Abierta - ATP - Estadísticas

Estadísticas generales
  • Esta prueba ha sido intentada 28 veces
    14 desde el último reinicio
  • La puntuación promedio es 41 de 58
Estadísticas de respuestas
Año Ganador % Correcto
2025 Alcaraz
100%
2022 Alcaraz
100%
2023 Djokovic
100%
2018 Djokovic
100%
2015 Djokovic
100%
2011 Djokovic
100%
2008 Federer
100%
2007 Federer
100%
2006 Federer
100%
2005 Federer
100%
2004 Federer
100%
2012 Murray
100%
2019 Nadal
100%
2017 Nadal
100%
2013 Nadal
100%
2010 Nadal
100%
2024 Sinner
100%
2009 Del Potro
91%
1984 McEnroe
91%
1981 McEnroe
91%
1980 McEnroe
91%
1979 McEnroe
91%
2002 Sampras
91%
1996 Sampras
91%
1995 Sampras
91%
1993 Sampras
91%
1990 Sampras
91%
1999 Agassi
82%
1994 Agassi
82%
2014 Cilic
82%
2021 Medvedev
82%
2001 Hewitt
73%
2003 Roddick
73%
2020 Thiem
73%
2016 Wawrinka
73%
1987 Lendl
64%
1986 Lendl
64%
1985 Lendl
64%
2000 Safin
64%
1989 Becker
45%
1969 Laver
45%
1975 Orantes
45%
1968 Ashe
36%
1983 Connors
36%
1982 Connors
36%
1978 Connors
36%
1976 Connors
36%
1974 Connors
36%
1971 Smith
36%
1992 Edberg
27%
1991 Edberg
27%
1972 Nastase
27%
1977 Vilas
27%
1988 Wilander
27%
1973 Newcombe
18%
1998 Rafter
18%
1997 Rafter
18%
1970 Rosewall
18%
No se encontraron pruebas coincidentes
Distribución de puntuación
Porcentaje de gente con cada puntuación
Porcentaje por número respondido
Historial de tus puntuaciones
No has intentado esta prueba desde el último reinicio